01620nam a2200349 a 450000100060000000300100000600500170001600700030003300800410003602000180007704000300009504300120012508200230013710000420016024000330020224502510023525000180048630000300050433600270053433700330056133800280059450400390062265000740066165100530073565100630078865100670085194200120091894900180093099900170094895201550096595201500112038537CO-BoRNBP20250801162558.0ta080904s2007 ck a gr 00010dspa d a9789589840405 aCO-BoBLA bspa cCO-BoBLA as-ck---04a338.986156 bB35a 1 aBenjumea Yepes, Henry, d1957-94143210aMeta-Bibliografía regional10aAproximación a la historia empresarial del Meta : b1960-2005 /cHenry Benjumea Yepes ; con la colaboración de Nancy Espinel Riveros, Helbert Galindo Hurtado, José Gregorio Villamil Pérez ; fotografías Julio Alberto Duarte ... [et al.]. a1a. edición a278 p. : bil. ; c32 cm. 2rdacontentatextobtxt 2rdamediaasin mediaciónbn 2rdacarrieravolumenbnc aIncluye bibliografía e índice. 7aDesarrollo económicoz Meta (Colombia)y 1960-2005.2BLAAUTO943681 7aMeta (Colombia)x Industriasy 1960-2005.943682 7aMeta (Colombia)x Condiciones socialesy 1960-2005.943683 7aMeta (Colombia)x Condiciones económicasy 1960-2005.943684 2ddccBK ac bc c38537d38537 00102ddc40708GENaMEGUAMALbMEGUAMALcLITd2024-11-13eLiteratura Regionall0o338.986 B35apGUA0044673r2024-11-13 08:40:42tEj.1w2024-11-13yBK 001040708FPatrimaMEVIGERRbMEVIGERRcLOCALd2011-06-09o330.98612620 B35apECA20193r2024-11-26 09:06:21tEj.1w2024-11-26yBKz14810 | 19367